Từ điển thuật ngữ ngôn ngữ học đối chiếu Anh-Việt; Việt-Anh
Na minha lista:
| Autor principal: | |
|---|---|
| Formato: | online |
| Idioma: | English |
| Publicado em: |
2003
|
| Assuntos: | |
| Tags: |
Adicionar Tag
Sem tags, seja o primeiro a adicionar uma tag!
|
| Thư viện lưu trữ: | Mạng thư viện Đại học Đà Nẵng |
|---|
| LEADER | 00785ca a2200265 4500 | ||
|---|---|---|---|
| 001 | 000032414 | ||
| 003 | 8502 | ||
| 005 | 20151022000000.0 | ||
| 008 | 151002s2003 000 eng | ||
| 041 | |a eng | ||
| 082 | |a 423 |b CA-H | ||
| 100 | |a Cao Xuân Hạo | ||
| 245 | |a Từ điển thuật ngữ ngôn ngữ học đối chiếu Anh-Việt; Việt-Anh |c Cao Xuân Hạo | ||
| 260 | |c 2003 | ||
| 650 | |a Từ điển thuật ngữ ngôn ngữ học đối chiếu Anh-Việt; Việt-Anh, Cao Xuân Hạo | ||
| 852 | |b Đọc |c TỪ ĐIỂN | ||
| OWN | |a LNN | ||
| 999 | |a From the UDN01 | ||
| 980 | |a Mạng thư viện Đại học Đà Nẵng | ||